| 000 | 00510nam a2200193Ia 4500 | ||
|---|---|---|---|
| 003 | GCL | ||
| 008 | 140319s9999 xx 000 0 eng d | ||
| 040 |
_aGCL / _cGCL |
||
| 082 | 0 | 4 |
_a370.15 _bD A |
| 100 | 1 | _aDODSON, FITZHUGH | |
| 245 | 1 | 0 |
_aAIMER SANS TOUT PERMETTRE / _cDODSON, FITZHUGH |
| 260 |
_a[S.N] : _bMARABOUT UNIVERSITE ، _c1979 |
||
| 300 | _a252 P | ||
| 490 |
_aMARABOUT _v0 |
||
| 650 | 0 | 4 | _aEDUCATIONAL TECHNOLOGY |
| 650 | 0 | 4 | _aEDUCATION |
| 650 | 0 | 4 | _aEDUCATIONAL PSYCHOLOGY |
| 942 |
_2ddc _cBK |
||
| 999 |
_c22490 _d22490 |
||